Normal view
MARC view
- Saleem, Sahar
Entry Personal Name
001 - CONTROL NUMBER
- control field: 125526
003 - CONTROL NUMBER IDENTIFIER
- control field: NUST
005 - DATE AND TIME OF LATEST TRANSACTION
- control field: 20240829154817.0
008 - FIXED-LENGTH DATA ELEMENTS
- fixed length control field: 240829|| aca||aabn | a|a d
040 ## - CATALOGING SOURCE
- Original cataloging agency: NUST
- Transcribing agency: NUST
100 ## - HEADING--PERSONAL NAME
- Personal name: Saleem, Sahar
670 ## - SOURCE DATA FOUND
- Source citation: Work cat.: (NUST): Saleem, Sahar, Microalgal Treatment of Leachate and Wastewater and Methane Production of the Harvested Biomass/
